[Event "18. Open de Sants Hostafrancs 2016"]
[Site "Barcelona ESP"]
[Date "2016.08.21"]
[Round "3.16"]
[White "Delorme, Axel"]
[Black "Guichard, Pauline"]
[Result "1/2-1/2"]
[WhiteElo "2500"]
[BlackElo "2353"]
[PlyCount "64"]
[EventDate "2016.08.19"]
[EventType "swiss"]
[EventRounds "10"]
[EventCountry "ESP"]
[SourceTitle "Ajedrez en Madrid"]
[Source "lmi"]
[SourceDate "2016.08.19"]

1. Nf3 Nf6 2. g3 d5 3. Bg2 e6 4. O-O c5 5. d4 Nc6 6. c4 dxc4 7. dxc5 Qxd1 8.
Rxd1 Bxc5 9. Nbd2 c3 10. bxc3 O-O 11. Ne1 Rd8 12. Nd3 Be7 13. Nb3 Nd5 14. Bb2
Nb6 15. Rab1 Nc4 16. Ba1 Rb8 17. Ndc5 Rxd1+ 18. Rxd1 Kf8 19. Na6 bxa6 20. Bxc6
Bb7 21. Bxb7 Rxb7 22. Kg2 a5 23. e4 a4 24. Nd4 e5 25. Nc2 a3 26. Kf1 Bc5 27.
Ke2 Ke7 28. Ne1 a5 29. Nf3 Ke6 30. Rd5 Ba7 31. Kd3 Rc7 32. Ng5+ Ke7 1/2-1/2

[Event "18. Open de Sants Hostafrancs 2016"]
[Site "Barcelona ESP"]
[Date "2016.08.21"]
[Round "3.17"]
[White "Colmenares, Aurelio"]
[Black "Vera Siguenas, Deivy"]
[Result "0-1"]
[WhiteElo "2350"]
[BlackElo "2496"]
[PlyCount "70"]
[EventDate "2016.08.19"]
[EventType "swiss"]
[EventRounds "10"]
[EventCountry "ESP"]
[SourceTitle "Ajedrez en Madrid"]
[Source "lmi"]
[SourceDate "2016.08.19"]

1. d4 Nf6 2. c4 g6 3. Nc3 Bg7 4. e4 d6 5. Nf3 O-O 6. Be2 e5 7. Be3 Ng4 8. Bg5
f6 9. Bh4 Nc6 10. d5 Ne7 11. h3 Nh6 12. g4 Nf7 13. Nd2 c5 14. Nf1 a6 15. Ne3
Bd7 16. Bg3 Bh6 17. Bd3 Kh8 18. Qe2 Rb8 19. Ng2 b5 20. cxb5 axb5 21. Bxb5 Bxb5
22. Nxb5 f5 23. gxf5 gxf5 24. Bh4 Bg5 25. Nc3 fxe4 26. Qh5 Nf5 27. Bxg5 Nxg5
28. O-O-O Nd4 29. Ne3 Rxb2 30. Kxb2 Qa5 31. Rc1 Rb8+ 32. Ka1 Nb3+ 33. Kb2 Nxc1+
34. Kc2 Nxa2 35. Ned1 Nf3 0-1

[Event "18. Open de Sants Hostafrancs 2016"]
[Site "Barcelona ESP"]
[Date "2016.08.21"]
[Round "3.18"]
[White "Cruz, Filemon"]
[Black "Bailet, Pierre"]
[Result "1/2-1/2"]
[WhiteElo "2349"]
[BlackElo "2492"]
[PlyCount "121"]
[EventDate "2016.08.19"]
[EventType "swiss"]
[EventRounds "10"]
[EventCountry "ESP"]
[SourceTitle "Ajedrez en Madrid"]
[Source "lmi"]
[SourceDate "2016.08.19"]

1. c4 Nf6 2. Nc3 e5 3. g3 g6 4. Bg2 Bg7 5. d3 O-O 6. Nf3 Nc6 7. O-O d6 8. Rb1
a5 9. a3 Re8 10. Ne1 Bf5 11. Nc2 Qc8 12. Re1 Bh3 13. Bh1 Nd4 14. b4 axb4 15.
axb4 c6 16. b5 d5 17. bxc6 bxc6 18. Ne3 dxc4 19. Nxc4 Qc7 20. Ba3 Bf8 21. Bxf8
Rxf8 22. e3 Nf5 23. Qf3 Rad8 24. Ne4 Nxe4 25. Qxe4 Rd5 26. Nb6 Rc5 27. Na4 Rc2
28. d4 Ra2 29. Nc3 Ra3 30. Rbc1 Ra5 31. dxe5 Rxe5 32. Qf4 Qe7 33. Ne4 f6 34.
Rxc6 Kg7 35. Rec1 Rf7 36. R6c3 h5 37. Nd2 Qd8 38. Nf1 Qa5 39. Qc4 Rfe7 40. Nd2
Qb6 41. Ne4 Nd6 42. Nxd6 Qxd6 43. Bg2 Bxg2 44. Kxg2 Re4 45. Qd3 Qxd3 46. Rxd3
h4 47. Rc6 hxg3 48. hxg3 R4e6 49. Rxe6 Rxe6 50. Rd7+ Kh6 51. Kf3 g5 52. e4 Kg6
53. Rd5 Ra6 54. Kg4 Ra4 55. f3 Rb4 56. Rd6 Ra4 57. Re6 Rb4 58. f4 Rxe4 59. Rxe4
f5+ 60. Kf3 fxe4+ 61. Kxe4 1/2-1/2

[Event "18. Open de Sants Hostafrancs 2016"]
[Site "Barcelona ESP"]
[Date "2016.08.21"]
[Round "3.19"]
[White "Rios, Cristhian Camilo"]
[Black "Tate, Alan"]
[Result "1-0"]
[WhiteElo "2490"]
[BlackElo "2329"]
[PlyCount "73"]
[EventDate "2016.08.19"]
[EventType "swiss"]
[EventRounds "10"]
[EventCountry "ESP"]
[SourceTitle "Ajedrez en Madrid"]
[Source "lmi"]
[SourceDate "2016.08.19"]

1. d4 d5 2. c4 c6 3. Nc3 Nf6 4. Nf3 e6 5. Qd3 Nbd7 6. g3 Bd6 7. Bg2 O-O 8. O-O
Qe7 9. cxd5 exd5 10. Nh4 Nb6 11. Nf5 Bxf5 12. Qxf5 Rfe8 13. Bg5 Qe6 14. Qxe6
fxe6 15. e4 dxe4 16. Rfe1 Be7 17. Bh3 Kf7 18. Bxf6 gxf6 19. Bg4 Kg6 20. Rxe4 e5
21. Bh3 exd4 22. Rxd4 Rad8 23. Rg4+ Kf7 24. Rh4 Kg6 25. Ne2 Bd6 26. Nd4 Re5 27.
Ne6 Re8 28. f4 R8xe6 29. fxe5 Rxe5 30. Bf1 h5 31. Bd3+ Kg5 32. Rf1 Nd5 33. Rhf4
Bc5+ 34. Kh1 Ne3 35. Rxf6 h4 36. Rg6+ Kh5 37. Rf7 1-0

[Event "18. Open de Sants Hostafrancs 2016"]
[Site "Barcelona ESP"]
[Date "2016.08.21"]
[Round "3.20"]
[White "Bergez, Luc"]
[Black "Baghdasaryan, Vahe"]
[Result "0-1"]
[WhiteElo "2344"]
[BlackElo "2488"]
[PlyCount "102"]
[EventDate "2016.08.19"]
[EventType "swiss"]
[EventRounds "10"]
[EventCountry "ESP"]
[SourceTitle "Ajedrez en Madrid"]
[Source "lmi"]
[SourceDate "2016.08.19"]

1. e4 c5 2. Nf3 d6 3. Bb5+ Nc6 4. O-O Bd7 5. Re1 Nf6 6. h3 a6 7. Bf1 g6 8. c3
Bg7 9. d4 O-O 10. d5 Ne5 11. Ng5 h6 12. f4 hxg5 13. fxe5 Nh5 14. Bxg5 Bxe5 15.
Nd2 b5 16. Be2 Ng3 17. Bh6 c4 18. Bg4 f5 19. exf5 gxf5 20. Bh5 Rf6 21. Bg5 Qb6+
22. Be3 Qb7 23. Nf3 Kg7 24. Nxe5 dxe5 25. Bg5 Rh8 26. Bxf6+ exf6 27. Bf3 Qb6+
28. Kh2 f4 29. Qd2 Qd6 30. a4 bxa4 31. Kg1 f5 32. Bd1 Ne4 33. Qe2 Qb6+ 34. Kh2
Qg6 35. Bc2 Rxh3+ 36. gxh3 Qg3+ 37. Kh1 Nf2+ 38. Qxf2 Qxf2 39. Rg1+ Kf6 40.
Bxa4 Qe3 41. Kh2 Bc8 42. Rg8 f3 43. Rag1 e4 44. Rxc8 Qe2+ 45. Kh1 f2 46. d6 Qe3
47. Rf8+ Ke5 48. Rxf5+ Kxf5 49. Bd7+ Ke5 50. Rf1 Kxd6 51. Bg4 Qg3 0-1

[Event "18. Open de Sants Hostafrancs 2016"]
[Site "Barcelona ESP"]
[Date "2016.08.21"]
[Round "3.21"]
[White "Harutyunian, Tigran K"]
[Black "Vehi Bach, Victor Manuel"]
[Result "1/2-1/2"]
[WhiteElo "2485"]
[BlackElo "2318"]
[PlyCount "87"]
[EventDate "2016.08.19"]
[EventType "swiss"]
[EventRounds "10"]
[EventCountry "ESP"]
[SourceTitle "Ajedrez en Madrid"]
[Source "lmi"]
[SourceDate "2016.08.19"]

1. c4 e6 2. g3 Nf6 3. Bg2 d5 4. Nf3 dxc4 5. Na3 Bxa3 6. bxa3 Nc6 7. Bb2 O-O 8.
Qc2 Qe7 9. Qxc4 e5 10. O-O Be6 11. Qh4 Bf5 12. Nxe5 Nxe5 13. Qf4 Nd3 14. exd3
Bxd3 15. Rfe1 Qd6 16. Be5 Qa6 17. Bxf6 gxf6 18. Qxc7 Rac8 19. Qe7 Rfe8 20.
Qxe8+ Rxe8 21. Rxe8+ Kg7 22. Re3 Qxa3 23. Rae1 Qd6 24. Bxb7 Bc4 25. d3 Bxa2 26.
Bf3 Qd4 27. Re7 a5 28. Kg2 Bb3 29. R1e4 Qxd3 30. Rg4+ Kf8 31. Ra7 f5 32. Ra8+
Ke7 33. Rgg8 Bc4 34. Rge8+ Kf6 35. Re1 Bd5 36. Re3 Qb5 37. Rd8 Bc4 38. Rd6+ Kg7
39. Rd2 a4 40. Be2 Qc6+ 41. Bf3 Qb5 42. Be2 Qc6+ 43. Bf3 Qb5 44. Be2 1/2-1/2

[Event "18. Open de Sants Hostafrancs 2016"]
[Site "Barcelona ESP"]
[Date "2016.08.21"]
[Round "3.22"]
[White "Diaz Camallonga, Carles"]
[Black "Alvarez Pedraza, Aramis"]
[Result "1/2-1/2"]
[WhiteElo "2336"]
[BlackElo "2483"]
[PlyCount "42"]
[EventDate "2016.08.19"]
[EventType "swiss"]
[EventRounds "10"]
[EventCountry "ESP"]
[SourceTitle "Ajedrez en Madrid"]
[Source "lmi"]
[SourceDate "2016.08.19"]

1. e4 g6 2. d4 Bg7 3. Nf3 d6 4. Nc3 c6 5. a4 a5 6. Bc4 Nf6 7. e5 dxe5 8. Nxe5
O-O 9. O-O Na6 10. Re1 Nc7 11. h3 Be6 12. Bf4 Nfd5 13. Nxd5 Nxd5 14. Bg3 Qb6
15. Bb3 Rad8 16. Nc4 Qa7 17. Be5 Bh6 18. c3 b6 19. Qf3 Qd7 20. Bg3 Qc8 21. Rad1
Bg7 1/2-1/2

[Event "18. Open de Sants Hostafrancs 2016"]
[Site "Barcelona ESP"]
[Date "2016.08.21"]
[Round "3.23"]
[White "Cuartas, Jaime Alexander"]
[Black "Cu Hor, Winston Darwin"]
[Result "1-0"]
[WhiteElo "2481"]
[BlackElo "2318"]
[PlyCount "65"]
[EventDate "2016.08.19"]
[EventType "swiss"]
[EventRounds "10"]
[EventCountry "ESP"]
[SourceTitle "Ajedrez en Madrid"]
[Source "lmi"]
[SourceDate "2016.08.19"]

1. e4 c5 2. Nf3 d6 3. Bb5+ Nc6 4. O-O Bd7 5. Re1 a6 6. Bf1 Bg4 7. h3 Bxf3 8.
Qxf3 Nf6 9. c3 g6 10. Qd1 Bg7 11. d3 O-O 12. Be3 Nd7 13. Na3 b5 14. d4 cxd4 15.
cxd4 e5 16. Nc2 Qf6 17. d5 Nd4 18. Nb4 Nc5 19. Qc1 Qe7 20. Bxd4 exd4 21. Nc6
Qf6 22. e5 Qh4 23. g3 Qh6 24. exd6 Qxc1 25. Raxc1 Na4 26. d7 Bf6 27. d6 Kg7 28.
Rc2 Nb6 29. Re7 Rh8 30. d8=Q Raxd8 31. Nxd8 Rxd8 32. Rc6 Nc8 33. Re8 1-0

[Event "18. Open de Sants Hostafrancs 2016"]
[Site "Barcelona ESP"]
[Date "2016.08.21"]
[Round "3.24"]
[White "Vidarte Morales, Arturo"]
[Black "Gonzalez Acosta, Bernal"]
[Result "1/2-1/2"]
[WhiteElo "2324"]
[BlackElo "2478"]
[PlyCount "32"]
[EventDate "2016.08.19"]
[EventType "swiss"]
[EventRounds "10"]
[EventCountry "ESP"]
[SourceTitle "Ajedrez en Madrid"]
[Source "lmi"]
[SourceDate "2016.08.19"]

1. Nf3 d5 2. g3 Nf6 3. Bg2 c6 4. O-O Bf5 5. d3 h6 6. c4 dxc4 7. dxc4 Qxd1 8.
Rxd1 e6 9. Nc3 Nbd7 10. Nd4 Bh7 11. Be3 Ng4 12. Bd2 Nde5 13. b3 O-O-O 14. Be1
Ba3 15. Na4 Nf6 16. Bc3 Ned7 1/2-1/2

[Event "18. Open de Sants Hostafrancs 2016"]
[Site "Barcelona ESP"]
[Date "2016.08.21"]
[Round "3.26"]
[White "Barrientos, Sergio E"]
[Black "Frischmann, Rick"]
[Result "1-0"]
[WhiteElo "2466"]
[BlackElo "2312"]
[PlyCount "117"]
[EventDate "2016.08.19"]
[EventType "swiss"]
[EventRounds "10"]
[EventCountry "ESP"]
[SourceTitle "Ajedrez en Madrid"]
[Source "lmi"]
[SourceDate "2016.08.19"]

1. d4 d5 2. c4 Nc6 3. Nc3 dxc4 4. d5 Ne5 5. Qd4 Ng6 6. Qxc4 a6 7. h4 e6 8. h5
Ne5 9. Qd4 Nc6 10. Qd1 exd5 11. Qxd5 Qe7 12. Bg5 f6 13. Bf4 Nb4 14. Qd2 Bf5 15.
O-O-O Bc2 16. Re1 g5 17. hxg6 Bxg6 18. e4 Rd8 19. Qe3 Qe6 20. Kb1 Ne7 21. Qc1
Ned5 22. Bc4 Nxc3+ 23. Qxc3 Rd1+ 24. Rxd1 Qxe4+ 25. Kc1 Qxf4+ 26. Qe3+ Qxe3+
27. fxe3 Bc5 28. Kd2 b5 29. Bb3 Nd3 30. Bc2 Bb4+ 31. Ke2 Nf4+ 32. exf4 Bxc2 33.
Rc1 Be4 34. Rxc7 O-O 35. Nf3 Re8 36. Kf2 Bd6 37. Rd7 Bxf4 38. Rh4 Bc1 39. b3
Bb1 40. Rg4+ Kh8 41. Rgg7 Be3+ 42. Kg3 Rg8 43. Rxg8+ Kxg8 44. a3 Be4 45. Nd4
Bc1 46. Rd6 Bb2 47. Kg4 Bxa3 48. Rxa6 b4 49. g3 Bb2 50. Rxf6 Bd5 51. Rd6 Bf7
52. Kf5 Kf8 53. Rd8+ Kg7 54. Rd7 Kf8 55. Kf6 Bg6 56. Rd8+ Be8 57. Ke6 Bxd4 58.
Rxd4 Bf7+ 59. Kf6 1-0

[Event "18. Open de Sants Hostafrancs 2016"]
[Site "Barcelona ESP"]
[Date "2016.08.21"]
[Round "3.27"]
[White "Latorre, Matias"]
[Black "Petrosyan, Tigran S"]
[Result "1/2-1/2"]
[WhiteElo "2318"]
[BlackElo "2462"]
[PlyCount "61"]
[EventDate "2016.08.19"]
[EventType "swiss"]
[EventRounds "10"]
[EventCountry "ESP"]
[SourceTitle "Ajedrez en Madrid"]
[Source "lmi"]
[SourceDate "2016.08.19"]

1. d4 d5 2. c4 c6 3. Nc3 Nf6 4. cxd5 cxd5 5. Bf4 Nc6 6. e3 Bf5 7. Nf3 e6 8. Qb3
Bb4 9. Ne5 O-O 10. Nxc6 Bxc3+ 11. Qxc3 bxc6 12. Be2 Ne4 13. Qa3 g5 14. Bg3 Qb6
15. O-O a5 16. Rfc1 a4 17. b3 axb3 18. Qxb3 Qxb3 19. axb3 Rxa1 20. Rxa1 Nxg3
21. hxg3 Bc2 22. Rc1 Bxb3 23. Rxc6 Kg7 24. Rc7 h6 25. Bh5 Ba2 26. Kh2 Bb1 27.
Rb7 Bf5 28. Be2 Bg6 29. g4 Rg8 30. Rb2 Ra8 31. Bf3 1/2-1/2

[Event "18. Open de Sants Hostafrancs 2016"]
[Site "Barcelona ESP"]
[Date "2016.08.21"]
[Round "3.29"]
[White "Wan, Yunguo"]
[Black "Alanic, Mickael"]
[Result "1/2-1/2"]
[WhiteElo "2458"]
[BlackElo "2295"]
[PlyCount "92"]
[EventDate "2016.08.19"]
[EventType "swiss"]
[EventRounds "10"]
[EventCountry "ESP"]
[SourceTitle "Ajedrez en Madrid"]
[Source "lmi"]
[SourceDate "2016.08.19"]

1. e4 c6 2. d4 d5 3. Nc3 dxe4 4. Nxe4 Nd7 5. Bd3 Ngf6 6. Ng5 e6 7. N1f3 Bd6 8.
Qe2 h6 9. Ne4 Nxe4 10. Qxe4 Nf6 11. Qe2 Qc7 12. Bd2 b6 13. O-O-O Bb7 14. Ne5
O-O-O 15. f4 Kb8 16. Rhf1 Rhe8 17. Kb1 Nd5 18. c4 Nb4 19. Be4 f6 20. Ng6 Nd5
21. Qf2 f5 22. Bc2 Nf6 23. c5 Qf7 24. Ne5 Bxe5 25. dxe5 Nd5 26. Be3 Ba6 27. Rg1
Qb7 28. Bb3 Rd7 29. cxb6 axb6 30. Bxd5 Rxd5 31. Bxb6 Bd3+ 32. Ka1 Qa6 33. Bc5
Kb7 34. Rc1 Ra8 35. Ba3 Qa4 36. Rc3 Bb5 37. Rgc1 g5 38. fxg5 hxg5 39. Rh3 Ka6
40. Bd6 Rd1 41. Qc5 Bc4 42. b3 Rxc1+ 43. Kb2 Rc2+ 44. Kxc2 Qxa2+ 45. Kc1 Qa1+
46. Kc2 Bd5 1/2-1/2

[Event "18. Open de Sants Hostafrancs 2016"]
[Site "Barcelona ESP"]
[Date "2016.08.21"]
[Round "3.30"]
[White "Calavalle, Giulio"]
[Black "Admiraal, Miguoel"]
[Result "0-1"]
[WhiteElo "2203"]
[BlackElo "2458"]
[PlyCount "68"]
[EventDate "2016.08.19"]
[EventType "swiss"]
[EventRounds "10"]
[EventCountry "ESP"]
[SourceTitle "Ajedrez en Madrid"]
[Source "lmi"]
[SourceDate "2016.08.19"]

1. e4 c6 2. d4 d5 3. exd5 cxd5 4. c4 Nf6 5. Nc3 Nc6 6. Bf4 g6 7. Nb5 e5 8. dxe5
Nh5 9. Bd2 d4 10. Nf3 a6 11. Na3 Bg7 12. Bd3 O-O 13. Qb3 Bg4 14. Be4 Re8 15.
O-O-O Nxe5 16. Nxe5 Rxe5 17. Rde1 Be6 18. Kb1 Rxe4 19. Rxe4 Bf5 20. f3 Nf6 21.
Qxb7 Rb8 22. Qxa6 Nxe4 23. fxe4 Bxe4+ 24. Ka1 d3 25. Nb5 Bxg2 26. Re1 h5 27.
Qa3 Qh4 28. Qxd3 Rd8 29. Qc2 Qxh2 30. Bc3 Qg3 31. Rc1 Bxc3 32. Nxc3 h4 33. Ne2
Qf2 34. c5 Re8 0-1

[Event "18. Open de Sants Hostafrancs 2016"]
[Site "Barcelona ESP"]
[Date "2016.08.21"]
[Round "3.31"]
[White "Goh, Wei Ming Kevin"]
[Black "Serarols Mabras, Bernat"]
[Result "1/2-1/2"]
[WhiteElo "2435"]
[BlackElo "2237"]
[PlyCount "62"]
[EventDate "2016.08.19"]
[EventType "swiss"]
[EventRounds "10"]
[EventCountry "ESP"]
[SourceTitle "Ajedrez en Madrid"]
[Source "lmi"]
[SourceDate "2016.08.19"]

1. e4 c5 2. Nf3 e6 3. d4 cxd4 4. Nxd4 Nc6 5. Nc3 Qc7 6. Be3 a6 7. Qf3 Bd6 8.
O-O-O Be5 9. g3 Nf6 10. Qe2 O-O 11. f4 Nxd4 12. Bxd4 Bxd4 13. Rxd4 e5 14. fxe5
Qxe5 15. Qd2 b5 16. Bg2 Bb7 17. Rf1 d6 18. a3 Rfe8 19. Rf5 Qe7 20. Qf4 Rad8 21.
Bf3 h6 22. h4 Bc6 23. Kb1 a5 24. g4 b4 25. axb4 axb4 26. Rxb4 d5 27. e5 Ne4 28.
Bxe4 Qxb4 29. Rxf7 dxe4 30. Rxg7+ Kxg7 31. Qf6+ Kh7 1/2-1/2

[Event "18. Open de Sants Hostafrancs 2016"]
[Site "Barcelona ESP"]
[Date "2016.08.21"]
[Round "3.32"]
[White "Cori T., Deysi"]
[Black "Perez Pastora, Evarist"]
[Result "1-0"]
[WhiteElo "2433"]
[BlackElo "2158"]
[PlyCount "103"]
[EventDate "2016.08.19"]
[EventType "swiss"]
[EventRounds "10"]
[EventCountry "ESP"]
[SourceTitle "Ajedrez en Madrid"]
[Source "lmi"]
[SourceDate "2016.08.19"]

1. e4 c5 2. Nf3 d6 3. Bb5+ Bd7 4. Bxd7+ Qxd7 5. O-O Nc6 6. Re1 g6 7. c3 Bg7 8.
d4 cxd4 9. cxd4 Nf6 10. d5 Ne5 11. Nd4 O-O 12. b3 Qc7 13. Bb2 Nh5 14. Qd2 Qb6
15. Rd1 a6 16. Nc3 Rac8 17. h3 Rc7 18. Rac1 Rfc8 19. Kh1 Qa5 20. Qe3 Qb6 21.
Na4 Qa7 22. Rxc7 Rxc7 23. g3 Nd7 24. Kg2 Nc5 25. Ne2 Bxb2 26. Nxb2 Qb8 27. Nc4
Nd7 28. Nd4 Nhf6 29. Qf4 Qf8 30. g4 Nc5 31. f3 Nfd7 32. Qe3 Nf6 33. Ne2 Nfd7
34. Rc1 Nf6 35. Nb6 Qd8 36. Rc4 Nfd7 37. Nxd7 Nxd7 38. Qc3 Rc5 39. Rxc5 Nxc5
40. h4 h6 41. Ng3 Kh7 42. e5 Nd7 43. exd6 exd6 44. h5 Ne5 45. hxg6+ fxg6 46.
Ne4 Qf8 47. Qe3 Kg7 48. Nc5 Qf6 49. Ne6+ Kg8 50. Qc3 Qf7 51. g5 hxg5 52. Qc8+
1-0

[Event "18. Open de Sants Hostafrancs 2016"]
[Site "Barcelona ESP"]
[Date "2016.08.21"]
[Round "3.33"]
[White "Ortega Amarelle, Mariano"]
[Black "Mihajlov, Svetoslav"]
[Result "1-0"]
[WhiteElo "2432"]
[BlackElo "2154"]
[PlyCount "75"]
[EventDate "2016.08.19"]
[EventType "swiss"]
[EventRounds "10"]
[EventCountry "ESP"]
[SourceTitle "Ajedrez en Madrid"]
[Source "lmi"]
[SourceDate "2016.08.19"]

1. d4 Nf6 2. Bg5 d5 3. e3 e6 4. Bd3 c5 5. c3 Qb6 6. Qc1 Bd7 7. a4 cxd4 8. exd4
Nc6 9. Nf3 Rc8 10. O-O Be7 11. Nbd2 O-O 12. Ne5 Rfd8 13. Qb1 h6 14. Bh4 Be8 15.
f4 Ne4 16. Bxe4 Bxh4 17. Bh7+ Kh8 18. Bd3 Be7 19. Kh1 Bd6 20. g3 Qc7 21. Qe1
Ne7 22. Nef3 a6 23. Qe2 b5 24. a5 b4 25. Bxa6 Ra8 26. Rfc1 Nc6 27. Nb3 Rdb8 28.
Nfd2 Qd8 29. Ra2 Ra7 30. Rca1 Rba8 31. Bb5 Nxa5 32. Rxa5 Rxa5 33. Rxa5 Rxa5 34.
Nxa5 Qxa5 35. Bxe8 bxc3 36. bxc3 Qxc3 37. Bxf7 Qxd4 38. Qxe6 1-0

[Event "18. Open de Sants Hostafrancs 2016"]
[Site "Barcelona ESP"]
[Date "2016.08.21"]
[Round "3.34"]
[White "Olivares Canelles, Francisco"]
[Black "Sasikiran, Krishnan"]
[Result "1-0"]
[WhiteElo "2314"]
[BlackElo "2658"]
[PlyCount "81"]
[EventDate "2016.08.19"]
[EventType "swiss"]
[EventRounds "10"]
[EventCountry "ESP"]
[SourceTitle "Ajedrez en Madrid"]
[Source "lmi"]
[SourceDate "2016.08.19"]

1. d4 d5 2. c4 c6 3. Nc3 Nf6 4. e3 g6 5. Nf3 Bg7 6. b3 O-O 7. Bd3 c5 8. O-O
cxd4 9. exd4 Nc6 10. h3 b6 11. Re1 Bb7 12. Ba3 Re8 13. Rc1 Rc8 14. Bf1 e6 15.
Qd2 Ne7 16. cxd5 Nfxd5 17. Bb5 Bc6 18. Ba6 Rc7 19. Nb5 Rd7 20. Rc4 Qa8 21. Qc1
Red8 22. Ne5 Bxe5 23. dxe5 Bb7 24. Bxb7 Qxb7 25. Nd6 Qa6 26. Rd1 b5 27. Rh4 h5
28. Ne4 Rc8 29. Bc5 b4 30. Rxh5 gxh5 31. Qg5+ Ng6 32. Rxd5 exd5 33. Nf6+ Kg7
34. Nxh5+ Kh7 35. Be3 f5 36. Nf6+ Kg7 37. Qh6+ Kf7 38. Qh7+ Ke6 39. Qxg6 Qc6
40. Nxd7+ Kxd7 41. Qf7+ 1-0

[Event "18. Open de Sants Hostafrancs 2016"]
[Site "Barcelona ESP"]
[Date "2016.08.21"]
[Round "3.35"]
[White "Moussard, Jules"]
[Black "Becker, Matthias"]
[Result "1-0"]
[WhiteElo "2539"]
[BlackElo "2284"]
[PlyCount "105"]
[EventDate "2016.08.19"]
[EventType "swiss"]
[EventRounds "10"]
[EventCountry "ESP"]
[SourceTitle "Ajedrez en Madrid"]
[Source "lmi"]
[SourceDate "2016.08.19"]

1. Nf3 d6 2. d4 g6 3. Bf4 Bg7 4. e3 Nf6 5. h3 O-O 6. c3 Nbd7 7. Be2 c5 8. O-O
b6 9. a4 a6 10. Nbd2 Bb7 11. Bh2 Ra7 12. Bd3 Qa8 13. Qb1 Rb8 14. e4 b5 15. e5
Ne8 16. exd6 Nxd6 17. Re1 Bf6 18. Ne4 cxd4 19. axb5 dxc3 20. b6 Bxe4 21. Bxe4
Rab7 22. Bxd6 exd6 23. Ra3 cxb2 24. Qa2 Re8 25. Rxa6 Qxa6 26. Qxa6 Rxe4 27. Rb1
Nc5 28. Qb5 Ra4 29. Rxb2 Bxb2 30. Qxb2 Ra6 31. h4 Raxb6 32. Qf6 h5 33. Ng5 Ra6
34. Kh2 Ra8 35. Qxd6 Na6 36. Qc6 Rba7 37. Ne4 Nc7 38. Nf6+ Kf8 39. Qd6+ Kg7 40.
Qe5 Kf8 41. f4 Ne8 42. Qc5+ Kg7 43. Nxe8+ Rxe8 44. Qxa7 Rd8 45. f5 gxf5 46. Qe7
Rh8 47. Qg5+ Kf8 48. Qf6 Rh7 49. Kg3 Rg7+ 50. Kf3 Kg8 51. Qxf5 Rh7 52. Qg5+ Kf8
53. Kf4 1-0

[Event "18. Open de Sants Hostafrancs 2016"]
[Site "Barcelona ESP"]
[Date "2016.08.21"]
[Round "3.36"]
[White "Vidal Zamora, Alex"]
[Black "Comas Fabrego, Lluis"]
[Result "1/2-1/2"]
[WhiteElo "2291"]
[BlackElo "2507"]
[PlyCount "34"]
[EventDate "2016.08.19"]
[EventType "swiss"]
[EventRounds "10"]
[EventCountry "ESP"]
[SourceTitle "Ajedrez en Madrid"]
[Source "lmi"]
[SourceDate "2016.08.19"]

1. d4 Nf6 2. c4 e6 3. Nf3 Bb4+ 4. Bd2 Qe7 5. Qc2 Bxd2+ 6. Nbxd2 d6 7. e3 O-O 8.
Bd3 e5 9. O-O Re8 10. dxe5 dxe5 11. Ne4 Nbd7 12. Rfd1 Nxe4 13. Bxe4 g6 14. Nd2
Nc5 15. Bf3 Bf5 16. Qc3 a5 17. b3 c6 1/2-1/2

[Event "18. Open de Sants Hostafrancs 2016"]
[Site "Barcelona ESP"]
[Date "2016.08.21"]
[Round "3.37"]
[White "Kobo, Ori"]
[Black "Taylor, Adam C"]
[Result "1-0"]
[WhiteElo "2489"]
[BlackElo "2256"]
[PlyCount "147"]
[EventDate "2016.08.19"]
[EventType "swiss"]
[EventRounds "10"]
[EventCountry "ESP"]
[SourceTitle "Ajedrez en Madrid"]
[Source "lmi"]
[SourceDate "2016.08.19"]

1. d4 Nf6 2. Bf4 d5 3. e3 Bf5 4. Nf3 e6 5. c4 Bxb1 6. Qxb1 Bb4+ 7. Kd1 Bd6 8.
Bg5 c6 9. Bd3 Nbd7 10. Ke2 Qe7 11. Rd1 h6 12. Bh4 O-O 13. Kf1 e5 14. dxe5 Nxe5
15. Nxe5 Qxe5 16. Bg3 Qe6 17. cxd5 cxd5 18. Bf5 Qe7 19. Qc2 Bxg3 20. hxg3 g6
21. Bh3 Rad8 22. Rd4 Rd6 23. Kg1 Rfd8 24. Rad1 Kg7 25. Bg4 Rc6 26. Qd3 Nxg4 27.
Rxg4 Qf6 28. Rb4 b6 29. Qe2 Rc5 30. Rf4 Qe5 31. b4 Rc7 32. Rfd4 Qf5 33. e4 Qe5
34. Qf1 Rcd7 35. Qb5 Rd6 36. Rxd5 a6 37. Qd3 Rxd5 38. exd5 Qb2 39. a3 a5 40.
bxa5 bxa5 41. d6 Rd7 42. g4 Qe5 43. g3 Qc5 44. Kg2 Qc6+ 45. Kh2 Qc5 46. Rd2 Kf6
47. a4 Qb4 48. Qf3+ Kg7 49. Qd1 Qc5 50. Qa1+ Kh7 51. Qf6 Qb4 52. Rd4 Qc5 53.
Qf4 Kg7 54. Qd2 Kh7 55. Kg2 Qc6+ 56. Kg1 Qb6 57. Rd5 Qb1+ 58. Kh2 Qb6 59. Qf4
Kg7 60. Qe5+ Kh7 61. Rd4 Qb2 62. Kg2 Qb7+ 63. Qd5 Qb6 64. Rd1 Qb4 65. Rd4 Qb6
66. Rd1 Qb4 67. g5 Qxa4 68. Rd4 Qa1 69. gxh6 Qe1 70. Re4 Qc1 71. Re7 Rd8 72.
Qxf7+ Kxh6 73. Qg7+ Kh5 74. Re5+ 1-0

[Event "18. Open de Sants Hostafrancs 2016"]
[Site "Barcelona ESP"]
[Date "2016.08.21"]
[Round "3.38"]
[White "Satyapragyan, Swayangsu"]
[Black "Hernandez Moya, Yuleisy"]
[Result "1-0"]
[WhiteElo "2462"]
[BlackElo "2239"]
[PlyCount "89"]
[EventDate "2016.08.19"]
[EventType "swiss"]
[EventRounds "10"]
[EventCountry "ESP"]
[SourceTitle "Ajedrez en Madrid"]
[Source "lmi"]
[SourceDate "2016.08.19"]

1. e4 e6 2. d4 d5 3. Nd2 dxe4 4. Nxe4 Nd7 5. Nf3 Ngf6 6. Bd3 Nxe4 7. Bxe4 Nf6
8. Bg5 h6 9. Bxf6 Qxf6 10. Qd3 Bd6 11. O-O-O O-O 12. Kb1 a5 13. h4 e5 14. Rdg1
exd4 15. g4 c5 16. g5 Qf4 17. gxh6 Qxh6 18. Ng5 Be6 19. h5 Bf4 20. Nxe6 Qxe6
21. Qf3 Rae8 22. Bd5 Qe5 23. a4 Rd8 24. Bc4 Rd6 25. b3 b6 26. Re1 Qf6 27. Qe4
Rfd8 28. Bd3 Re6 29. Qh7+ Kf8 30. Bc4 Re5 31. Rhg1 Qh6 32. Qd3 Rde8 33. Rd1
Rxh5 34. Qf3 g5 35. Rde1 Rxe1+ 36. Rxe1 g4 37. Qa8+ Kg7 38. Re8 Qd6 39. Rg8+
Kf6 40. Rxg4 Rg5 41. Qh8+ Kf5 42. Rh4 Rg1+ 43. Ka2 f6 44. Qh7+ Ke5 45. Rxf4 1-0

[Event "18. Open de Sants Hostafrancs 2016"]
[Site "Barcelona ESP"]
[Date "2016.08.21"]
[Round "3.39"]
[White "Ayza Leon, David"]
[Black "Sundararajan, Kidambi"]
[Result "0-1"]
[WhiteElo "2215"]
[BlackElo "2442"]
[PlyCount "62"]
[EventDate "2016.08.19"]
[EventType "swiss"]
[EventRounds "10"]
[EventCountry "ESP"]
[SourceTitle "Ajedrez en Madrid"]
[Source "lmi"]
[SourceDate "2016.08.19"]

1. e4 e6 2. d4 d5 3. e5 c5 4. c3 Nc6 5. Nf3 Nh6 6. dxc5 Bxc5 7. b4 Bb6 8. Bxh6
gxh6 9. b5 Ne7 10. Bd3 Ng6 11. O-O Qc7 12. Bxg6 hxg6 13. Qd3 a6 14. bxa6 Rxa6
15. Nbd2 Ra3 16. Rfc1 O-O 17. Nb3 Ra4 18. Nbd2 Rd8 19. Qc2 Rf4 20. Rab1 Ba7 21.
g3 Rg4 22. Qd1 h5 23. Kg2 Bd7 24. c4 Bc6 25. h3 Rxc4 26. Nxc4 dxc4 27. Qe2 Rd3
28. Rb3 Bxf3+ 29. Qxf3 Rxf3 30. Rxf3 Qc6 31. g4 h4 0-1